01052cam a2200313 a 45000010008000000030004000080050017000120080041000290200015000700400023000850500021001080600021001290820020001501000020001702450086001902600066002763000036003425040051003786500031004296500021004606500017004816500032004986500037005306500028005676500022005956500028006178560066006454400027007113507018OSt20191121204855.0950811s1995 enka b 001 0 eng c a0750303433 aDNLM/DLCcDLCdDLC00aRM950b.C66 199510aWB 26 C778r 199500a617.03222bCRR1 aCooper, Rory A.10aRehabilitation engineering applied to mobility and manipulation / Rory A. Cooper. aBristol ;aPhiladelphia :bInstitute of Physics Pub.,cc1995. axviii, 516 p. :bill. ;c24 cm. aIncludes bibliographical references and index. 0aRehabilitation technology. 0aHuman mechanics. 0aWheelchairs. 0aManipulation (Therapeutics)12aRehabilitationxinstrumentation.22aBiomedical Engineering.22aEquipment Design.22aWheelchairsxstandards.42uhttp://www.loc.gov/catdir/enhancements/fy0665/95038066-d.html 0aMedical science series